01403nab a22002417a 4500999001500000003000400015005001700019008004100036040000700077100003200084245025800116260007300374300001500447500004400462505027800506505008900784650003500873650003400908650003600942650002800978773014201006942001301148 c5346d5346OSt20250224000344.0190603e xxum|||| |||| 00| 0 spa d cPJ 94799aIturbide, Gabriela A.10aComentarios sobre el nuevo régimen de locaciones previsto por la ley 27.737, modificatoria del Código Civil y Comercial y de la ley 27.551. ¿Solución real para el grave problema de acceso a la vivienda de los locatarios? /cGabriela A. Iturbide. cCiudad Autónoma de Buenos Aires :aThomson Reuters La Ley, b2023. ap. 223-240 aCita Online: TR LALEY AR/DOC/2646/2023. aSumario: I. Introducción.— II. Incidencia de las modificaciones al Cód. Civ. y Com. efectuadas por la ley 27.551 en materia de locaciones.— III. La nueva ley 27.737 y su impacto en el Cód. Civ. y Com. modificado por la ley 27.551.— IV. Consideraciones finales.  t¿Te interesa el texto completo? Solicitalo al correo: koha@justierradelfuego.gov.ar 091497aCODIGO CIVIL Y COMERCIAL 093597aLOCACIÓN DE INMUEBLES 093790aACTUALIZACIÓN MONETARIA 093470aMONEDA EXTRANJERA0 0271393170dCiudad Autónoma de Buenos Aires : Thomson Reuters La Ley, 2015-tRevista Código Civil y Comercial. Nº 6 - Diciembre 2023 2udccANA